000 01014nam a2200253 a 4500
001 79011
003 BD-RjUL
005 20211216102020.0
008 211226s1960 ua 000 0 ara d
035 _a(BD-RjUL)79011
040 _aTAU
_cBD-RjUL
_beng
041 0 _aara
082 _223
_a892.71109
_bOSB 1987
090 _a892.71109
100 0 _aاسامة بن مرشد ;; Osama bin Murshid,
_d1095-1188
_9221
245 1 2 _aالبديع في نقد الشعر / :albadie fi naqd alshier /
_b;;
_ctalif asamat bin murshid ; tahqiq ahmad aihmad badawi, hamid abd almajid ;تألتأليف اسامة بن مرشد; تحقيق احمد احمد بدوي ; حامد عبد المجيدا
246 3 1 _aالبديع في نقد الشعر
260 _aMisr:
_bMustafa albabani،
_c1987
300 _a299 p. ص
_c23 cm
650 4 _aArabic poetry
_y622-1258
_xHistory and criticism.
_9222
700 1 _a ; حامد عبد المجيد
_9223
700 1 _aاحمد احمد بدوي
_9224
942 _2ddc
_cBK
999 _c79011
_d79011